|
|
|
|
| LEADER |
00000nam0a2200000 4500 |
| 001 |
292200 |
| 005 |
20231102000454.0 |
| 020 |
|
|
|a RU
|b 83-89585
|
| 035 |
|
|
|a (RuTPU)RU\TPU\book\316815
|
| 090 |
|
|
|a 292200
|
| 100 |
|
|
|a 20150421d1983 km y0rusy5003 ca
|
| 101 |
0 |
|
|a rus
|
| 102 |
|
|
|a RU
|
| 105 |
|
|
|a a z 001zy
|
| 200 |
1 |
|
|a Вычисление неподвижных точек и приложения к экономике
|f М. Дж. Тодд
|g под ред. С. В. Емельянова
|
| 210 |
|
|
|a Москва
|c Наука
|d 1983
|
| 215 |
|
|
|a 111 с.
|c ил.
|
| 225 |
1 |
|
|a Теория и методы системного анализа
|
| 320 |
|
|
|a Библиогр.: с. 105-111
|
| 510 |
1 |
|
|a The computatioh of fixed poihts ahd applications
|z eng
|
| 606 |
1 |
|
|a Экономико-математические методы и модели
|2 stltpush
|3 (RuTPU)RU\TPU\subj\26568
|9 50466
|
| 610 |
1 |
|
|a экономика
|
| 610 |
1 |
|
|a математические методы
|
| 610 |
1 |
|
|a неподвижные точки
|
| 610 |
1 |
|
|a вычисление
|
| 610 |
1 |
|
|a приложения
|
| 610 |
1 |
|
|a теорема Брауэра
|
| 610 |
1 |
|
|a триангуляция
|
| 610 |
1 |
|
|a алгоритм Ивза
|
| 610 |
1 |
|
|a алгоритмы
|
| 610 |
1 |
|
|a гомотопии
|
| 686 |
|
|
|a Ув631
|2 rubbk
|
| 700 |
|
1 |
|a Тодд
|b М. Д.
|g Майкл Дж.
|4 070
|
| 702 |
|
1 |
|a Емельянов
|b С. В.
|4 340
|
| 801 |
|
0 |
|a RU
|b RuMRKP
|c 19950704
|g psbo
|
| 801 |
|
1 |
|a RU
|b 63413507
|c 20150421
|
| 801 |
|
2 |
|a RU
|b 63413507
|c 20220826
|g RCR
|
| 942 |
|
|
|c BK
|